00000000nas 2200000za 4500
0019.501254
003CaOODSP
00520250403104654
007cr |||||||||||
008150406c2001||||xxc|| m o||||f|   |0fre|d
022 |a1712-8110
040 |aCaOODSP|bfre
043 |an-cn---
0861 |aCS71-0031F-PDF
24500|aAméliorations apportées à l'Enquête sur la population active (EPA) / |h[ressource électronique]|c[Publié par la] Division de la statistique du travail.
260 |aOttawa - Ontario : |bStatistique Canada
310 |aIrrégulier
3621 |aN° 001 (2000)--
5203 |aUne introduction ainsi qu'une discussion sur les modifications apportées aux estimations de l'Enquête sur la population active.
7102 |aStatistique Canada.
77508|tImprovements to the Labour Force Survey (LFS) / |w(CaOODSP)9.504850